[Event "Challenge"]
[Site "http://www.queenalice.com/game.php?id=1440294"]
[Date "2016.9.8"]
[Round "-"]
[White "Ginormous"]
[Black "AntoniusBlock"]
[Result "1-0"]
[WhiteElo "1542"]
[BlackElo "1266"]

1. e4 e5 2. Nf3 d6 3. d4 f6 4. Nc3 Nc6 5. Bb5 Bd7 6. d5 a6 7. Be2 Qe7 8. dxc6
Bxc6 9. O-O O-O-O 10. a4 Qe6 11. b4 d5 12. exd5 Bxd5 13. Qd3 g6 14. b5 Ne7 15.
bxa6 Qxa6 16. Qxa6 bxa6 17. Bxa6+ Bb7 18. Bxb7+ Kxb7 19. Rb1+ Kc8 20. a5 Nc6 21.
a6 h5 22. Rb7 Kd7 23. Nb5 Bc5 24. Rxc7+ Ke6 25. Rxc6+ Rd6 26. Nxd6 Bxd6 27. Rd1
Rd8 28. a7 1-0

[Event "Challenge"]
[Site "http://www.queenalice.com/game.php?id=1506905"]
[Date "2017.12.5"]
[Round "-"]
[White "AntoniusBlock"]
[Black "Ginormous"]
[Result "0-1"]
[WhiteElo "1250"]
[BlackElo "1547"]

1. d4 d5 2. e3 Nf6 3. Nc3 Nc6 4. Bb5 Bd7 5. Nf3 e5 6. dxe5 Ng4 7. Nxd5 a6 8.
Bxc6 Bxc6 9. e4 Bc5 10. h4 Nxf2 11. Qe2 Nxh1 12. Bf4 Bf2+ 13. Kd2 Bb5 14. Qd1 c6
15. Qxh1 cxd5 16. exd5 Qxd5+ 17. Kc3 Qc4+ 18. Kd2 Rc8 19. c3 Qe2+ 20. Kc1 O-O
21. a4 Bd3 22. Bd2 Rfd8 23. Nd4 Bxd4 0-1

[Event "Challenge"]
[Site "http://www.queenalice.com/game.php?id=1508617"]
[Date "2017.12.20"]
[Round "-"]
[White "Ginormous"]
[Black "AntoniusBlock"]
[Result "1-0"]
[WhiteElo "1551"]
[BlackElo "1276"]

1. e4 e5 2. Nf3 Bd6 3. Nc3 Ne7 4. d4 b6 5. Bc4 c6 6. d5 cxd5 7. Bxd5 Nxd5 8.
Qxd5 Nc6 9. Ng5 Qe7 10. O-O Ba6 11. Rd1 Rc8 12. a3 O-O 13. Nb5 Bxb5 14. Qxb5 h6
15. Nf3 Qe6 16. c3 Qg4 17. Rxd6 Qxe4 18. Rxd7 g5 19. h3 f5 20. Qd5+ Qxd5 21.
Rxd5 e4 22. Nd4 f4 23. Rd6 Ne5 24. Rxh6 Nf7 25. Re6 Nd8 26. Rxe4 a5 27. Re5 Nc6
28. Rxg5+ Kf7 29. Bxf4 Nxd4 30. cxd4 Rc4 31. Be3 Rfc8 32. d5 b5 33. d6 a4 34.
Rxb5 Ke8 35. Rd5 Kd7 36. f4 Rc2 37. Rb1 Rg8 38. Bf2 Re2 39. b3 Ke6 40. Rd3 Rd8
41. bxa4 Rxd6 42. Rxd6+ Kxd6 43. a5 Re6 44. a6 Kd5 45. a7 Ra6 46. Rb8 Rxa7 47.
Bxa7 Ke4 48. g3 Kf3 49. Bf2 Ke4 50. Rb5 Kd3 51. Rb4 Kc3 52. Be1+ Kd3 53. Kf2 Kc2
54. Ke2 Kc1 55. Kd3 Kd1 56. Rb1# 1-0

[Event "Challenge"]
[Site "http://www.queenalice.com/game.php?id=1513948"]
[Date "2018.1.29"]
[Round "-"]
[White "AntoniusBlock"]
[Black "Ginormous"]
[Result "0-1"]
[WhiteElo "1271"]
[BlackElo "1556"]

1. d4 d5 2. e3 Nf6 3. Nf3 Nc6 4. Be2 e6 5. Nc3 Bb4 6. a3 Bd6 7. Ne5 Nxe5 8. dxe5
Bxe5 9. f4 Bd6 10. Nb5 Be7 11. c4 Ne4 12. cxd5 exd5 13. O-O Be6 14. Qc2 c6 15.
Nd4 Qd7 16. Nxe6 Qxe6 17. f5 Qe5 18. Bd2 Bd6 19. Bh5 Qxh2# 0-1

[Event "Challenge"]
[Site "http://www.queenalice.com/game.php?id=1538150"]
[Date "2018.8.8"]
[Round "-"]
[White "AntoniusBlock"]
[Black "Ginormous"]
[Result "0-1"]
[WhiteElo "1302"]
[BlackElo "1561"]

1. Nc3 d5 2. g3 Nf6 3. Bg2 e5 4. d4 Nc6 5. Bg5 Be6 6. f4 Bb4 7. Qd2 exd4 8. Qd3
h6 9. Bxf6 Qxf6 10. e4 Bxc3+ 11. bxc3 dxc3 12. exd5 Nb4 13. Qb5+ Bd7 14. Qxb4
O-O-O 15. d6 Rhe8+ 16. Be4 Bc6 17. Rd1 Rxe4+ 18. Ne2 Rxb4 19. dxc7 Rxd1+ 20.
Kxd1 Bxh1 21. Nxc3 Qxc3 0-1

[Event "Challenge"]
[Site "http://www.queenalice.com/game.php?id=1538840"]
[Date "2018.8.14"]
[Round "-"]
[White "Ginormous"]
[Black "AntoniusBlock"]
[Result "0-1"]
[WhiteElo "1567"]
[BlackElo "1296"]

1. e4 e5 2. Nf3 d6 3. d4 f6 4. Nc3 Ne7 5. Bc4 a6 6. g3 b5 7. Bb3 Bb7 8. O-O Qd7
9. dxe5 fxe5 10. Nxe5 dxe5 11. Nd5 Nxd5 12. exd5 Bd6 13. Qf3 Qf7 14. Qe2 O-O 15.
c4 bxc4 16. Bxc4 Nd7 17. Qg4 Nf6 18. Qd1 e4 19. a3 Rae8 20. Qd4 a5 21. Qa7 Rb8
22. Qxa5 Ra8 23. Qe1 Ba6 24. b4 Bxc4 0-1

[Event "Challenge"]
[Site "http://www.queenalice.com/game.php?id=1540023"]
[Date "2018.8.24"]
[Round "-"]
[White "AntoniusBlock"]
[Black "Ginormous"]
[Result "0-1"]
[WhiteElo "1347"]
[BlackElo "1540"]

1. d4 d5 2. g3 Nc6 3. Nf3 Bg4 4. Qd3 Nf6 5. Bg2 Qd6 6. Bf4 Nb4 7. Qb5+ Qc6 8.
Qxb4 e5 9. Nxe5 Bxb4+ 10. c3 Qb5 11. Na3 Qxe2# 0-1

[Event "Challenge"]
[Site "http://www.queenalice.com/game.php?id=1559793"]
[Date "2019.2.5"]
[Round "-"]
[White "AntoniusBlock"]
[Black "Ginormous"]
[Result "1-0"]
[WhiteElo "1361"]
[BlackElo "1557"]

1. d4 d5 2. Nc3 Nf6 3. g3 Nc6 4. Bg2 e5 5. Be3 Bb4 6. a3 Be7 7. Qd2 h6 8. Nf3
Qd6 9. Nb5 Qe6 10. Nxc7+ Kf8 11. Nxe6+ Bxe6 12. O-O-O Ne4 13. Qd3 f6 14. Nh4 Kf7
15. Bf3 h5 16. g4 hxg4 17. Bxe4 dxe4 18. Qxe4 Rxh4 19. d5 Bd7 20. dxc6 Bxc6 21.
Qc4+ Kg6 22. Rhg1 f5 23. Qe6+ Bf6 24. Rh1 Re8 25. Qc4 Rh3 26. f3 a6 27. b4 e4
28. fxg4 fxg4 29. Rdg1 Kf5 30. Rf1+ Ke5 31. Qd4+ Ke6 32. Qc4+ Bd5 33. Qc5 Ke5
34. Rd1 Rd8 35. Qc7+ Rd6 36. c4 Bxc4 37. Qxd6+ Kf5 38. Rhf1+ Kg6 39. Qc7 Bxe2
40. Rf2 Bxd1 41. Kxd1 Rxe3 42. Qxb7 Rd3+ 43. Ke2 Rxa3 44. Qxe4+ Kf7 45. Qxg4
Ra2+ 46. Kf3 Rxf2+ 47. Kxf2 Be5 48. Qh5+ Kf6 49. h4 g6 50. Qg5+ Ke6 51. Qxg6+
Kd5 52. Qxa6 Bd4+ 53. Kf3 Bc3 54. b5 Be1 55. Qc6+ Kd4 56. b6 Kd3 57. b7 Kd4 58.
b8=Q Kd3 59. Qd8# 1-0

[Event "Challenge"]
[Site "http://www.queenalice.com/game.php?id=1559794"]
[Date "2019.2.5"]
[Round "-"]
[White "Ginormous"]
[Black "AntoniusBlock"]
[Result "1-0"]
[WhiteElo "1548"]
[BlackElo "1370"]

1. e4 e5 2. Nf3 Nf6 3. Nc3 g6 4. Bc4 Qe7 5. d4 d6 6. Bg5 h6 7. O-O hxg5 8. Nxg5
Nh5 9. Bxf7+ Kd8 10. h4 b6 11. Bxg6 Qf6 12. Nf7+ Kd7 13. Nxh8 Qxh8 14. Bxh5 Ba6
15. Qg4+ Kd8 16. Rfe1 Bh6 17. Nd5 exd4 18. Rad1 Nc6 19. a3 Ne5 20. Qe6 Qh7 21.
Qe8# 1-0

[Event "Challenge"]
[Site "http://www.queenalice.com/game.php?id=1560889"]
[Date "2019.2.13"]
[Round "-"]
[White "Ginormous"]
[Black "dejami"]
[Result "0-1"]
[WhiteElo "1537"]
[BlackElo "1790"]

1. e4 e5 2. Nf3 f6 3. Nc3 c6 4. d4 d6 5. Bc4 Ne7 6. h3 Ng6 7. O-O Qc7 8. b3 b5
9. Bd3 Qa5 10. Bd2 Qc7 11. a4 b4 12. Na2 a5 13. c3 c5 14. d5 Ba6 15. c4 Bc8 16.
Nh2 Qf7 17. Ng4 Bxg4 18. Qxg4 Nd7 19. Rae1 Nb6 20. f3 Ne7 21. f4 Nec8 22. fxe5
dxe5 23. Bc2 Ne7 24. Re3 h5 25. Qh4 Ng6 26. Qf2 Be7 27. Rf3 Rf8 28. Rf5 Nh8 29.
Bd1 g6 30. Rf3 Qg7 31. g4 h4 32. Qxh4 O-O-O 33. Bh6 Qh7 34. Kg2 f5 35. Qxe7 Qxe7
36. Bxf8 Rxf8 37. Nc1 Qg5 38. Nd3 Qd2+ 39. Kg3 f4+ 40. Kh4 Nf7 41. Nxc5 Rh8# 0-1

[Event "Challenge"]
[Site "http://www.queenalice.com/game.php?id=1560890"]
[Date "2019.2.13"]
[Round "-"]
[White "dejami"]
[Black "Ginormous"]
[Result "1-0"]
[WhiteElo "1768"]
[BlackElo "1533"]

1. e4 e5 2. Bc4 Bc5 3. Qf3 f6 4. Nh3 Nh6 5. Qh5+ Ke7 6. d4 Bxd4 7. Na3 d6 8.
Bxh6 Qf8 9. Bd2 Bxb2 10. Nb5 Kd7 11. Rb1 Bd4 12. f4 g6 13. Qe2 Kd8 14. fxe5 Bxe5
15. O-O a6 16. Na3 Nc6 17. c3 h5 18. Kh1 Bg4 19. Qd3 b6 20. Qd5 Kd7 21. Nf2 f5
22. Bg5 Qe8 23. Rbe1 h4 24. Nxg4 Bxc3 25. Nf6+ Bxf6 26. Bxf6 Nb4 27. Qd4 Rh7 28.
exf5 Qb8 29. Qg4 Qb7 30. fxg6+ 1-0

[Event "Challenge"]
[Site "http://www.queenalice.com/game.php?id=1563212"]
[Date "2019.3.5"]
[Round "-"]
[White "Ginormous"]
[Black "AntoniusBlock"]
[Result "1-0"]
[WhiteElo "1526"]
[BlackElo "1407"]

1. e4 e5 2. Nf3 f6 3. Bc4 Nh6 4. Nc3 Bd6 5. O-O c6 6. d4 exd4 7. Qxd4 c5 8. Qd5
Qe7 9. g3 Nc6 10. Qh5+ Nf7 11. Re1 Ne5 12. Be2 g6 13. Qh3 h5 14. Nd5 Qe6 15.
Qxe6+ dxe6 16. Nxf6+ Ke7 17. b3 Nd7 18. Nxd7 Bxd7 19. a3 e5 20. Bd2 a6 21. b4 b5
22. Ng5 Nxg5 23. Bxg5+ Kf7 24. Red1 Ke6 25. c3 c4 26. Rd2 Bc6 27. Rad1 Rhd8 28.
Bxd8 Rxd8 29. Bf3 a5 30. bxa5 b4 31. axb4 Ba4 32. Re1 Rf8 33. Be2 Be7 34. Bxc4+
Kf6 35. Rf1 g5 36. f4 Rg8 37. Bxg8 1-0

[Event "Challenge"]
[Site "http://www.queenalice.com/game.php?id=1568703"]
[Date "2019.4.25"]
[Round "-"]
[White "AntoniusBlock"]
[Black "Ginormous"]
[Result "0-1"]
[WhiteElo "1418"]
[BlackElo "1531"]

1. d4 d5 2. g3 Nc6 3. Nf3 Nf6 4. Bg2 e6 5. Bg5 h6 6. Bxf6 Qxf6 7. Nc3 Bd6 8. Nb5
Bb4+ 9. c3 Bd6 10. Nxd6+ cxd6 11. Qd3 O-O 12. O-O e5 13. Rae1 e4 14. Qe3 exf3
15. exf3 b5 16. f4 Be6 17. Qf3 b4 18. cxb4 Nxb4 19. a3 Nc2 20. Re2 Nxd4 21. Qd3
Nxe2+ 22. Qxe2 Rac8 23. Qf3 Qxb2 24. f5 Bd7 25. g4 Rc1 26. Rd1 Ba4 0-1

[Event "Challenge"]
[Site "http://www.queenalice.com/game.php?id=1572985"]
[Date "2019.5.31"]
[Round "-"]
[White "Ginormous"]
[Black "AntoniusBlock"]
[Result "1-0"]
[WhiteElo "1542"]
[BlackElo "1412"]

1. e4 e5 2. Nf3 d6 3. d4 f6 4. Nc3 Nd7 5. Bc4 Ne7 6. O-O c5 7. dxc5 dxc5 8. Be3
g5 9. a3 b6 10. b4 Nc6 11. Qd5 Bb7 12. Qf7# 1-0

[Event "Challenge"]
[Site "http://www.queenalice.com/game.php?id=1582353"]
[Date "2019.9.2"]
[Round "-"]
[White "Ginormous"]
[Black "AntoniusBlock"]
[Result "1-0"]
[WhiteElo "1553"]
[BlackElo "1386"]

1. e4 Nc6 2. Nf3 d5 3. Nc3 Be6 4. d4 dxe4 5. Nxe4 Qd5 6. Qd3 Bf5 7. Nfg5 Nxd4 8.
c4 Qa5+ 9. Bd2 Qe5 10. Be3 O-O-O 11. O-O-O Nf6 12. f3 Bxe4 13. fxe4 h6 14. Nxf7
Rd6 15. Nxe5 g5 16. Nf7 1-0

[Event "Challenge"]
[Site "http://www.queenalice.com/game.php?id=1582354"]
[Date "2019.9.2"]
[Round "-"]
[White "AntoniusBlock"]
[Black "Ginormous"]
[Result "0-1"]
[WhiteElo "1377"]
[BlackElo "1562"]

1. d4 d5 2. g3 Nf6 3. Bg2 Bf5 4. Nf3 e6 5. Ne5 Qe7 6. O-O g6 7. Bg5 h6 8. Bxf6
Qxf6 9. Nc3 Bd6 10. Nb5 O-O 11. e3 Nc6 12. Nxc6 bxc6 13. Nxd6 cxd6 14. f4 Rab8
15. g4 Be4 16. Bh3 Rxb2 17. c3 Qh4 18. Qc1 Re2 19. Qa3 Qxh3 20. Qxd6 Qg2# 0-1

[Event "Challenge"]
[Site "http://www.queenalice.com/game.php?id=1626774"]
[Date "2020.9.13"]
[Round "-"]
[White "Ginormous"]
[Black "AntoniusBlock"]
[Result "1-0"]
[WhiteElo "1571"]
[BlackElo "1392"]

1. e4 e5 2. Nf3 Nc6 3. Nc3 g6 4. d4 Bg7 5. Bb5 a6 6. Bc4 Nf6 7. Bg5 h6 8. b3 O-O
9. Bxf6 Qxf6 10. Nd5 Qd6 11. c3 b5 12. Be2 Ne7 13. c4 Bb7 14. c5 Qe6 15. Nxc7
Qc6 16. Nxa8 Bxa8 17. Nxe5 Bxe5 18. dxe5 d5 19. Qd4 f5 20. f3 fxe4 21. O-O a5
22. f4 Nf5 23. Qc3 b4 24. Qc1 Nd4 25. Qd2 Qxc5 26. Rac1 Qb6 27. Kh1 e3 28. Qd3
g5 29. f5 Rf7 30. Bh5 Re7 31. e6 Nc6 32. Bf7+ Kf8 33. f6 Ne5 34. Rc8+ Re8 35.
Rxe8# 1-0

[Event "Challenge"]
[Site "http://www.queenalice.com/game.php?id=1630283"]
[Date "2020.10.19"]
[Round "-"]
[White "AntoniusBlock"]
[Black "Ginormous"]
[Result "1-0"]
[WhiteElo "1362"]
[BlackElo "1580"]

1. d4 d5 2. g3 Nc6 3. Nf3 Nf6 4. Bg2 e5 5. Nxe5 Nxe5 6. dxe5 Ne4 7. Nc3 Bb4 8.
a3 Bxc3+ 9. bxc3 Nxc3 10. Qd2 d4 11. Bb2 O-O 12. Bxc3 dxc3 13. Qxc3 f6 14. exf6
Rxf6 15. O-O c6 16. Rad1 Qe7 17. Qb3+ Be6 18. Qe3 a5 19. a4 Rh6 20. Rd4 c5 21.
Rf4 Rb8 22. Qe5 b6 23. Qxb8+ 1-0

[Event "Challenge"]
[Site "http://www.queenalice.com/game.php?id=1631908"]
[Date "2020.11.5"]
[Round "-"]
[White "Ginormous"]
[Black "AntoniusBlock"]
[Result "1-0"]
[WhiteElo "1555"]
[BlackElo "1377"]

1. e4 Nc6 2. d4 d5 3. Nc3 Nf6 4. e5 Ne4 5. Nxe4 dxe4 6. g3 Nxd4 7. c3 Nf3+ 8.
Nxf3 exf3 9. Qxf3 Bd7 10. Qxb7 a5 11. Bg2 c6 12. Bxc6 g6 13. Bxd7+ Qxd7 14.
Qxa8+ Qd8 15. Qxd8+ Kxd8 16. O-O e6 17. Bg5+ Kd7 18. Rfd1+ Kc6 19. Rd4 Bc5 20.
Rc4 h6 21. Be3 Kd5 22. Rxc5+ Ke4 23. Rd1 g5 24. Rd4+ Kf5 25. g4+ Kg6 26. h4 gxh4
27. Rf4 Kg5 28. Rf6+ Kxg4 29. Rc4+ Kh5 30. Kg2 Rg8+ 31. Kh3 Rg5 32. Rxh4# 1-0

[Event "Challenge"]
[Site "http://www.queenalice.com/game.php?id=1765796"]
[Date "2021.7.31"]
[Round "-"]
[White "Ginormous"]
[Black "AntoniusBlock"]
[Result "1-0"]
[WhiteElo "1564"]
[BlackElo "1296"]

1. e4 b6 2. Nf3 Bb7 3. Nc3 e5 4. d4 d5 5. Bb5+ Nd7 6. Nxd5 Bxd5 7. exd5 a6 8.
Bc6 Rb8 9. Nxe5 Nf6 10. Bg5 h6 11. Bxd7+ Ke7 12. Nc6+ Kxd7 13. Nxd8 Rxd8 14.
Bxf6 gxf6 15. Qg4+ Ke8 16. O-O Rxd5 17. Qe4+ 1-0

[Event "Challenge"]
[Site "http://www.queenalice.com/game.php?id=1766274"]
[Date "2021.8.6"]
[Round "-"]
[White "AntoniusBlock"]
[Black "Ginormous"]
[Result "0-1"]
[WhiteElo "1291"]
[BlackElo "1569"]

1. d4 d5 2. g3 Nc6 3. Bg2 Nf6 4. Nc3 e5 5. Qd3 exd4 6. e3 dxc3 7. Qxc3 Bb4 8.
Bd2 Bxc3 9. Bxc3 O-O 10. O-O-O Be6 11. Ne2 Ng4 12. Rdf1 Qg5 13. f4 Qg6 14. Bd2
Rad8 15. Bf3 d4 16. h3 dxe3 17. Bxg4 Rxd2 18. f5 Bxf5 19. Bxf5 Qd6 20. Nc3 Nb4
21. Rd1 Rxd1+ 22. Nxd1 Qxg3 23. Bg4 Re8 24. a3 Nd5 25. Bd7 Re4 26. Bf5 Re5 27.
Nc3 Nxc3 28. bxc3 Rxf5 29. Rd1 g6 30. Rd8+ Kg7 31. Rd7 e2 32. Re7 Qe1+ 33. Kb2
Rb5+ 0-1

[Event "Challenge"]
[Site "http://www.queenalice.com/game.php?id=1767805"]
[Date "2021.8.24"]
[Round "-"]
[White "Ginormous"]
[Black "AntoniusBlock"]
[Result "1-0"]
[WhiteElo "1574"]
[BlackElo "1300"]

1. e4 Nc6 2. Nc3 e5 3. Nf3 d6 4. d4 Nf6 5. b3 b6 6. Bb5 Nd7 7. Bxc6 Rb8 8. dxe5
Be7 9. Nd5 O-O 10. Ba3 a6 11. O-O a5 12. Bxd7 Qxd7 13. c4 Ba6 14. Qd3 b5 15. c5
dxc5 16. Bc1 Ra8 17. Nf6+ gxf6 18. Qxd7 Bd8 19. Bh6 b4 20. Bxf8 Kxf8 21. Rfd1 f5
22. Qxf5 c4 23. Ng5 c5 24. Qxf7# 1-0

[Event "This Time For Real!"]
[Site "http://www.queenalice.com/game.php?id=1768420"]
[Date "2021.9.1"]
[Round "-"]
[White "Ginormous"]
[Black "AntoniusBlock"]
[Result "1/2-1/2"]
[WhiteElo "1579"]
[BlackElo "1292"]

1. e4 d5 2. Nc3 dxe4 3. Nxe4 Nf6 4. d3 Bg4 5. Be2 Qd5 6. f3 Be6 7. b3 Bf5 8. Nc3
Qd7 9. Be3 Nc6 10. g4 Be6 11. Bf4 Qd4 12. Nb5 Qxf4 13. d4 O-O-O 14. c3 Nd5 15.
Qd3 g6 16. Nh3 Qf6 17. O-O Bh6 18. Kh1 a6 19. c4 Ndb4 20. Qe4 axb5 21. cxb5 Nxd4
22. Bd1 Bd5 23. Qe1 Nxf3 24. Bxf3 Bxf3+ 25. Kg1 Nd5 26. Rc1 Be3+ 27. Nf2 Qh4 28.
Qa5 b6 29. Qa8+ Kd7 30. Qc6+ Kc8 31. Qa8+ Kd7 32. Qc6+ Kc8 33. Qa8+ 1/2-1/2

[Event "Consolation 4 Consolation Game"]
[Site "http://www.queenalice.com/game.php?id=1770461"]
[Date "2021.9.20"]
[Round "-"]
[White "AntoniusBlock"]
[Black "Ginormous"]
[Result "1-0"]
[WhiteElo "1300"]
[BlackElo "1568"]

1. d4 d5 2. Qd3 Nc6 3. c4 dxc4 4. Qxc4 Nxd4 5. Nf3 Nxf3+ 6. exf3 Nf6 7. Nc3 Be6
8. Qa4+ c6 9. Bd3 Qxd3 10. Ne2 b5 11. Qa6 Rc8 12. Be3 Bc4 13. O-O Qxe2 14. Qxc8#
1-0

[Event "Challenge"]
[Site "http://www.queenalice.com/game.php?id=1858101"]
[Date "2025.5.31"]
[Round "-"]
[White "AntoniusBlock"]
[Black "Ginormous"]
[Result "1-0"]
[WhiteElo "1403"]
[BlackElo "1541"]

1. d4 d5 2. b3 Nc6 3. Bb2 Nf6 4. e3 Bf5 5. Bd3 g6 6. f3 Bh6 7. f4 Ng4 8. Qf3 O-O
9. Nc3 Nb4 10. Nh3 Bxd3 11. cxd3 Nxd3+ 12. Kd2 Nxb2 13. Qxg4 e6 14. Rab1 f5 15.
Qf3 c6 16. Rxb2 b5 17. b4 Re8 18. g4 g5 19. Rg1 a6 20. gxf5 exf5 21. Kc1 Rc8 22.
fxg5 Bg7 23. Qxf5 1-0